00543 2200181 4500245004100000020002200041250001100063100001200074700001300086650001700099005001900116260004000135041001400175084000800189300002300197500013200220336000900352 aKebelet Kawin , Mak !cBlogfamhText a978-602-208-072-5 aCet. 1 aBlogfam aRinurbad aNovel Komedi a20231003133628 aYogyakartabGradien Mediatamac2012 aIndonesia a813 a144 hlm. :c19 cm. a"Mulai hari ini, aye bangga dipanggil Welcome, yang artinya selamat datang. Nama yang paling baik kan nama pemberian orangtua!" atext